Chỉ thị sinh học môi trường
Khái niệm về chỉ thị sinh học môi trường. Các phương pháp nghiên cứu chỉ thị sinh học môi trường. Các mối quan hệ yếu tố ảnh hưởng và phản ứng thích nghi của sinh vật chỉ thị.Vị trí của thiên địch. Các chỉ thị sinh học môi trường nước,...
Na minha lista:
| Autor principal: | |
|---|---|
| Formato: | Livro |
| Idioma: | Undetermined |
| Publicado em: |
Hà Nội
Giáo dục
2007
|
| Assuntos: | |
| Tags: |
Adicionar Tag
Sem tags, seja o primeiro a adicionar uma tag!
|
| Thư viện lưu trữ: | Trung tâm Học liệu Trường Đại học Cần Thơ |
|---|
| LEADER | 01118nam a2200205Ia 4500 | ||
|---|---|---|---|
| 001 | CTU_123375 | ||
| 008 | 210402s9999 xx 000 0 und d | ||
| 020 | |c 40000 | ||
| 082 | |a 577 | ||
| 082 | |b Kh401 | ||
| 100 | |a Lê, Văn Khoa | ||
| 245 | 0 | |a Chỉ thị sinh học môi trường | |
| 245 | 0 | |c Lê Văn Khoa chủ biên, Nguyễn Xuân Quýnh, Nguyễn Quốc Việt | |
| 260 | |a Hà Nội | ||
| 260 | |b Giáo dục | ||
| 260 | |c 2007 | ||
| 520 | |a Khái niệm về chỉ thị sinh học môi trường. Các phương pháp nghiên cứu chỉ thị sinh học môi trường. Các mối quan hệ yếu tố ảnh hưởng và phản ứng thích nghi của sinh vật chỉ thị.Vị trí của thiên địch. Các chỉ thị sinh học môi trường nước, môi trường không khí, đất. Sử dụng thực vật chỉ thị để xử lý ô nhiễm môi trường. | ||
| 650 | |a Ecology,Environmental sciences | ||
| 904 | |i Tuyến | ||
| 980 | |a Trung tâm Học liệu Trường Đại học Cần Thơ | ||